Normas generales de dibujo industrial
Publicado:
Barcelona :
Escuela Elemental del Trabajo de la Diputación Provincial de Barcelona (E.E.T. Artes Gráficas) ,
1950
Descripción Física:
37 p. : il. ; 21 cm
Otros Autores:
Escola Elemental del Treball (Barcelona)
Materias:
Dibuix industrial
MARC
| LEADER | 00000nam a2200000Ia 4500 | ||
|---|---|---|---|
| 001 | 1988 | ||
| 008 | 160829s1950 xx 000 0 cat d | ||
| 080 | |a FU-5-45 | ||
| 245 | |a Normas generales de dibujo industrial | ||
| 260 | |a Barcelona : |b Escuela Elemental del Trabajo de la Diputación Provincial de Barcelona (E.E.T. Artes Gráficas), |c 1950 | ||
| 300 | |a 37 p. : |b il. ; |c 21 cm | ||
| 650 | |a Dibuix industrial |9 22819 | ||
| 700 | |a Escola Elemental del Treball (Barcelona) |9 55345 | ||
| 856 | 4 | |u https://media.diba.cat/diba/fitxers/arxiu/fulletons/bib_1988_baixa.pdf |y Accés lliure | |
| 856 | 4 | |u https://media.diba.cat/diba/fitxers/arxiu/fulletons/bib_1988_baixa.pdf |y Accés lliure | |
| 901 | |a Arxiu | ||
| 942 | |n 1 |2 udc | ||
| 952 | |0 0 |1 0 |4 0 |6 FU545 |7 1 |9 42350 |a Arxiu |b Arxiu |d 2016-12-01 |l 0 |o FU-5-45 |p 1988 |r 2016-12-01 00:00:00 |w 2016-12-01 |y ARXIU | ||
| 999 | |c 44828 |d 44828 | ||
| 900 | |a bib_1988_baixa.pdf | ||